000 00881nas a2200301 4500
001 BR2012003527
003 BR-BrBNA
005 20231205120610.0
007 ta
008 230509b bl.|||p| |||| 00| 00por d
040 _aBR-BrBNA
_bpor
_cBiblioteca Nacional de Agricultura
041 _a(Pt)
072 _aF70; F50
100 1 _aCorrêa, A.M. da S.
100 1 _aBarros, M.A.V. da C.
245 1 _aFlora polínica da Reserva do Parque Estadual das Fontes do Ipiranga (São Paulo, Brasil)
650 _aFLORA
650 _aPOLÉN
650 _aGRÃO
650 _aBOTÃO FLORAL
650 _aERICACEAE
650 _aTRIGONIACEAE
650 _aMORFOLOGIA VEGETAL
650 _aTAXONOMIA VEGETAL
773 0 _tHoehnea (Brazil)
_xISSN 0073-2877
_g(Mar 2011), v. 38(1) p. 109-113
_wBR2012003527
909 _a202311
_bLúcia
_c55
_dLúcia Elande
942 _2AGRIS
_n0
_cANA
999 _c219330
_d219330